| 000 | 03441nam a22003257a 4500 | ||
|---|---|---|---|
| 005 | 20120112154022.0 | ||
| 010 | _aB-476092-100 | ||
| 020 |
_a97881905101144 _c395.00 |
||
| 035 | _aB-476092-100 | ||
| 037 | _bब्लूबेरी बुक्स | ||
| 082 | _a030 | ||
| 100 |
_aसिंह, निशांत _951190 |
||
| 245 |
_aरोहित ज्ञान विज्ञान एन्साइक्लोपीडिया:पक्षियों का विचित्र संसार/ _cनिशांत सिंह; श्याम जगोता द्वारा चित्रांकन |
||
| 260 |
_aदिल्ली _bरोहित पब्लिशिंग हाउस _c2011 |
||
| 270 |
_a518/6 बी, कड़कड़ी रोड, विश्नास नगर, _bदिल्ली _e110032 |
||
| 300 |
_a144 पृ. _bसचित्र (सजिल्द) _c24 सें.मी. |
||
| 700 |
_aसिंह, निशांत _939104 |
||
| 942 |
_2ddc _cCH _h030 _mसिंहनि |
||
| 999 |
_c60807 _d60807 |
||